| 000 | 00478nam a2200181Ia 4500 | ||
|---|---|---|---|
| 005 | 20260429112226.0 | ||
| 008 | 260429s9999||||xx |||||||||||||| ||und|| | ||
| 020 | _a9788197092572 | ||
| 041 | _aEnglish | ||
| 082 |
_a910.021 _bSIN |
||
| 100 | _aSingh, Chandra Dip | ||
| 245 | 0 |
_aRegional geography / _cChandra Dip Singh |
|
| 260 |
_aNew Delhi : _bAsia Publishers, _c2025. |
||
| 300 | _aix, 296 p.; hb | ||
| 650 | _a Regional geography | ||
| 650 | _aGeography | ||
| 942 | _cTB | ||
| 999 |
_c52993 _d52993 |
||